Forever by Noah Kahan - Lyrics Quiz - Statistics

General Stats
  • This quiz has been taken 381 times
  • The average score is 301 of 354
Answer Stats
Answer % Correct
a
99%
for
99%
the
99%
we
99%
i
98%
when
97%
you
97%
to
96%
and
94%
in
94%
of
94%
forever
93%
get
93%
my
93%
where
93%
go
92%
let
92%
so
92%
be
90%
see
90%
was
90%
sentence
89%
high
87%
i'll
87%
i'm
87%
boat
86%
her
86%
oh
86%
rest
86%
river
86%
won't
86%
build
85%
life
85%
that
85%
that?
85%
but
84%
gets
84%
no
84%
were
84%
alone
83%
ever
83%
girl
83%
heat
82%
July
82%
meet
82%
never
82%
broke
81%
drop
81%
sweat
81%
death
80%
drive
80%
she
80%
bone
79%
let's
79%
reason
79%
rich
79%
shop
79%
window
79%
close
77%
hand
77%
knows
77%
tell
77%
grip
76%
head
76%
healed
76%
hold
76%
running
76%
can't
75%
loosen
75%
real
75%
god
74%
make
74%
seen
74%
side
74%
yet
74%
haven't
73%
might
73%
too
73%
upper
73%
west
73%
your
73%
cops
72%
got
72%
just
72%
tear
72%
called
71%
scared
71%
these
71%
laughed?
70%
remember
70%
rent
70%
drunk
69%
edges
69%
friends
69%
lot
69%
parking
69%
school
69%
'cause
68%
soul
68%
this
68%
wheels
68%
car
67%
imagine
67%
it's
67%
kissed
67%
look
67%
anyone
66%
fine
66%
honey
66%
with
65%
curve
64%
i'd
64%
starting
64%
anything
62%
down
62%
earth
62%
evening
62%
glad
62%
end
61%
wish
61%
anywhere
59%
could
56%
meant
56%
storm
54%
used
54%
on
53%
land
51%
grind
50%
now
32%
No matching quizzes found
Score Distribution
Percent of People with Each Score
Percentile by Number Answered
Your Score History
You have not taken this quiz